| 000 | 01119nam a2200253 i 4500 | ||
|---|---|---|---|
| 001 | 148152 | ||
| 003 | ES-MaACL | ||
| 005 | 20251001180008.0 | ||
| 007 | t| | ||
| 008 | 070214s1931 sp r ||||1| spa d | ||
| 245 | 0 | 0 |
_aTratado de obstetricia / _cescrito por los eminentes tocólogos G. Bessau ... [et al.] ; bajo la direccion del Dr. W. Stoeckel ; traducido directamente de la 3ª ed. alemana por M. Montaner de la Poza y M. Montaner Toutain ; con un prólogo del Excmo. Sr. Dr. D. Sebastián Recasens Girol. |
| 250 | _a2ª ed. aum. y mejorada con 19 figuras, la mayor parte en colores y muchas de ellas nuevas. | ||
| 260 |
_aBarcelona : _bModesto Usón, _c1931 ( _fDalmau Olivares) |
||
| 300 |
_a2 v., 2 lám. : _bil. ; _c25 cm. |
||
| 650 | 7 |
_aObstetricia _2embne _915676 |
|
| 700 | 1 |
_aBessau, G. _928596 |
|
| 700 | 1 |
_aStoeckel, Walter. _9108261 |
|
| 700 | 1 |
_aMontaner de la Poza, M. _982378 |
|
| 700 | 0 |
_aFranque, Otto von _952340 |
|
| 700 | 1 |
_aMontaner Toutain, M. _982382 |
|
| 700 | 1 |
_aRecasens y Girol, Sebastián, _d1863-1933 _995752 |
|
| 852 |
_aES-MaACL _jE-561-62 |
||
| 999 |
_c148152 _d148152 |
||